000 00587nam a2200193Ia 4500
003 GCL
008 140319s9999 xx 000 0 ara d
040 _aGCL /
_cGCL
082 0 4 _a813.008
_bى ر
100 1 _aيوسف الشارونى
245 1 0 _aرحلتى مع الرواية /
_cيوسف الشارونى
260 _a[S.N] :
_bدار المعارف ،
_c1986
300 _a170 ص
490 _aمكتبة الدراسات الادبية
_v0
650 0 4 _aالادب العربى
650 0 4 _aالقصص العربية
650 0 4 _aتاريخ ونقد
942 _2ddc
_cBK
999 _c58966
_d58966